Fast Typing- Eintracht Frankfurt×2 - Statistics

General Stats
  • This quiz has been taken 42 times
  • The average score is 29 of 36
Answer Stats
Answer % Correct
E
100%
I
97%
N
97%
T
97%
A
93%
C
93%
R
93%
H
90%
T
90%
F
87%
A
83%
F
83%
K
83%
N
83%
R
83%
R
83%
T
83%
U
83%
E
80%
I
80%
N
80%
R
80%
T
80%
A
77%
C
77%
H
77%
T
73%
A
70%
F
70%
F
70%
K
70%
N
70%
R
70%
R
70%
T
70%
U
70%
No matching quizzes found
Score Distribution
Percent of People with Each Score
Percentile by Number Answered
Your Score History
You have not taken this quiz